000 00379 a2200169 4500
001 189609
020 _a978-85-08-06764-X
040 _cMagnum
100 _aVerne, Julio
240 1 0 _aCinco semanas num balão
_lpor
245 1 0 _aCinco semanas num balão
300 _a302
362 0 _a1998
440 1 _aÁtica
697 _aLITERATURA JUVENIL ESTRANGEIRA
942 _cBK
999 _c189609
_d189609